LEADER 00940nam a2200253 i 4500 001 000000086931 003 CaOOAMICUS 005 20250625171050.0 008 180830s1950 xx u000 u und u 013 $a59171 020 $a88-17- 040 $aSeMil$bita 100 1 $aJerome, Jerome Klapka,$d<1859-1927>.$0(OLS)http://semarc/name/39875 245 10$aTre uomini in barca(per non dir del cane) 260 $aMilano :$bRizzoli,$c1950. 300 $a190 p. 490 0 $aBiblioteca Universale Rizzoli 830 0$aBiblioteca Universale Rizzoli.$0(OLS)http://semarc/title/7348 850 $aSeMil 852 $aSeMil$W1$xVenegono$y1$m78 12 108 *$j50544$B50544$CSeMilBibl$Z2$F54530 $81 996 $6020$a88-17-$9(OLS)http://semarc/number/67043 996 $6245$aTre uomini in barca(per non dir del cane)$9(OLS)http://semarc/title/133114 996 $6260$aMilano :$bRizzoli$9(OLS)http://semarc/publisher/29824 LEADER 00877nam a2200253 i 4500 001 000000086941 003 CaOOAMICUS 005 20250625171025.0 008 180830s1951 xx u000 u und u 013 $a59181 020 $a88-17- 040 $aSeMil$bita 100 1 $aJerome, Jerome Klapka,$d<1859-1927>.$0(OLS)http://semarc/name/39875 245 10$aLoro e io. 260 $aMilano :$bRizzoli,$c1951. 300 $a246 p. 490 0 $aBiblioteca Universale Rizzoli 830 0$aBiblioteca Universale Rizzoli.$0(OLS)http://semarc/title/7348 850 $aSeMil 852 $aSeMil$W1$xVenegono$y1$m78 12 345 *$j50554$B50554$CSeMilBibl$Z2$F54540 $81 996 $6020$a88-17-$9(OLS)http://semarc/number/67043 996 $6245$aLoro e io$9(OLS)http://semarc/title/133123 996 $6260$aMilano :$bRizzoli$9(OLS)http://semarc/publisher/29824 LEADER 01244nam a2200253 i 4500 001 000000049289 003 CaOOAMICUS 005 20091202000000.0 008 091202s1995 it u000 u ita u 013 $a20459 040 $aSeMil$bita 100 1 $aNowacki, Piotr .$0(OLS)http://semarc/name/24405 245 10$aRemedium salutis :$buna dimensione trascurata della sacramentaria di San Tommaso d'Aquino /$cPiotr Nowacki ; prefazione di Giacomo Grasso. 260 $aRoma :$bMillennium Romae,$c1995. 300 $a253 p. ;$c24 cm. 600 04$aTommaso : d'Aquino .$0(OLS)http://semarc/subject/115 650 4$aSacramenti - Teologia cattolica.$0(OLS)http://semarc/subject/113 650 4$aTeologia sacramentaria.$0(OLS)http://semarc/subject/749 700 1 $aGrasso, Giacomo .$0(OLS)http://semarc/name/24406 850 $aSeMil 852 $aSeMil$W1$xVenegono$y1$m2B VI 193$j15444$B15444$CSeMilBibl$Z2$F15444 $81 961 $aOmaggio per recensione: Scuola Cattolica 996 $6245$aRemedium salutis :$buna dimensione trascurata della sacramentaria di San Tommaso d'Aquino$9(OLS)http://semarc/title/74880 996 $6260$aRoma :$bMillennium Romae$9(OLS)http://semarc/publisher/41099